History of economic thought : (Record no. 41155)
[ view plain ]
| 000 -LEADER | |
|---|---|
| fixed length control field | 00945nam a2200253 a 4500 |
| 001 - CONTROL NUMBER | |
| control field | 41155 |
| 003 - CONTROL NUMBER IDENTIFIER | |
| rucl marc code | BD-RJUL) |
| 005 - DATE AND TIME OF LATEST TRANSACTION | |
| control field | 20211209053335.0 |
| 008 - FIXED-LENGTH DATA ELEMENTS--GENERAL INFORMATION | |
| fixed length control field | 160516s1949 nyua b 000 0 eng |
| 035 ## - SYSTEM CONTROL NUMBER | |
| System control number | BD-RJUL) 41271 |
| 040 ## - CATALOGING SOURCE | |
| Original cataloging agency | DLC |
| Transcribing agency | DLC |
| Language of cataloging | eng |
| Modifying agency | BD-RJUL) |
| 041 ## - LANGUAGE CODE | |
| Language code of text/sound track or separate title | eng |
| 082 ## - DEWEY DECIMAL CLASSIFICATION NUMBER | |
| Classification number | 330.1 |
| Edition number | 23 |
| Author mark and year | HAH 1949 |
| 100 1# - MAIN ENTRY--PERSONAL NAME | |
| Personal name | Haney, Lewis H. |
| Fuller form of name | (Lewis Henry), |
| Dates associated with a name | 1882-1969. |
| 9 (RLIN) | 126592 |
| 245 00 - TITLE STATEMENT | |
| Title | History of economic thought : |
| Remainder of title | a critical account of the origin and development of the economic theories of the leading thinkers in the leading nations |
| 250 ## - EDITION STATEMENT | |
| Edition statement | 4th and enl. ed. |
| 260 ## - PUBLICATION, DISTRIBUTION, ETC. (IMPRINT) | |
| Place of publication, distribution, etc. | New York : |
| Name of publisher, distributor, etc. | Macmillan, |
| Date of publication, distribution, etc. | c1949 [Reprint 1979] |
| 300 ## - PHYSICAL DESCRIPTION | |
| Pagination | xxii, 996 p. : |
| Illustrations | diagrs ; |
| Size | 21 cm |
| 500 ## - GENERAL NOTE | |
| General note | Includes indexes |
| 504 ## - BIBLIOGRAPHY, ETC. NOTE | |
| Bibliography, etc | "Chief works of American economists active between 1850 and 1915": p. 951-965. "Bibliographical notes": p. 966-974 |
| 650 #0 - SUBJECT ADDED ENTRY--TOPICAL TERM | |
| Topical term or geographic name as entry element | Economics |
| General subdivision | History |
| 9 (RLIN) | 126593 |
| 942 ## - ADDED ENTRY ELEMENTS (KOHA) | |
| Source of classification or shelving scheme | Dewey Decimal Classification |
| Koha item type | Books |
| Lost status | Source of classification or shelving scheme | Damaged status | Not for loan | Collection code | Permanent Location | Current Location | Shelving location | Date acquired | Total Checkouts | Full call number | Date last seen | Copy number | Koha item type | Source of acquisition | Cost, normal purchase price |
|---|---|---|---|---|---|---|---|---|---|---|---|---|---|---|---|
| Dewey Decimal Classification | Non-fiction | Central Library, University of Rajshahi | Central Library, University of Rajshahi | 01/01/1991 | 330.1 HAH 1949 | 16/05/2016 | C-2 | Books | |||||||
| Dewey Decimal Classification | Non-fiction | Central Library, University of Rajshahi | Central Library, University of Rajshahi | 01/01/1991 | 330.1 HAH 1949 | 24/07/2016 | C-3 | Books | Asia foundation | 60.00 | |||||
| Dewey Decimal Classification | Non-fiction | Central Library, University of Rajshahi | Central Library, University of Rajshahi | 20/01/1985 | 330.1 HAH 1979 | 27/07/2016 | C-4 | Books | Asiatic book | 60.00 | |||||
| Dewey Decimal Classification | Non-fiction | Central Library, University of Rajshahi | Central Library, University of Rajshahi | 20/01/1985 | 330.1 HAH 1949 | 31/07/2016 | C-5 | Books | Asiatic book | 60.00 | |||||
| Dewey Decimal Classification | Non-fiction | Central Library, University of Rajshahi | Central Library, University of Rajshahi | 07/02/1985 | 330.1 HAH 1949 | 23/11/2016 | C-6 | Books | Socio Eco.Book | ||||||
| Dewey Decimal Classification | Non-fiction | Central Library, University of Rajshahi | Central Library, University of Rajshahi | 20/01/1985 | 330.1 HAH 1977 | 23/11/2016 | C-7 | Books | Tulip | 60.00 | |||||
| Dewey Decimal Classification | Not For Loan | Non-fiction | Central Library, University of Rajshahi | Central Library, University of Rajshahi | Reading Room | 22/10/1962 | 330.1 HAH 1960 | 20/12/2016 | C-1 | Books | Zeitlinger | 53.00 | |||
| Dewey Decimal Classification | Non-fiction | Central Library, University of Rajshahi | Central Library, University of Rajshahi | 29/01/1955 | 330.1 HAH 1949 | 22/12/2016 | C-8 | Books |